Catálogo de los fondos de la Comisión militar ejecutiva y permanente de la isla de Cuba / (Registro nro. 1227)
[ vista simple ]
| 000 -CABECERA | |
|---|---|
| campo de control de longitud fija | 00814cam a2200205 a 4500 |
| 001 - NÚMERO DE CONTROL | |
| campo de control | 000001286 |
| 005 - FECHA Y HORA DE LA ÚLTIMA TRANSACCIÓN | |
| campo de control | 20200929145530.0 |
| 008 - DATOS DE LONGITUD FIJA--INFORMACIÓN GENERAL | |
| campo de control de longitud fija | 800523s1945 cu 000 0 spa |
| 040 ## - FUENTE DE LA CATALOGACIÓN | |
| Centro catalogador/agencia de origen | DO-SdBNP |
| Lengua de catalogación | spa |
| Centro/agencia transcriptor | BNPHU |
| 082 ## - NÚMERO DE LA CLASIFICACIÓN DECIMAL DEWEY | |
| Número de clasificación | 972.91 |
| Número de documento/Ítem | C357f |
| 110 1# - ENTRADA PRINCIPAL--NOMBRE DE ENTIDAD CORPORATIVA | |
| Nombre de entidad corporativa o nombre de jurisdicción como elemento de entrada | Archivo Nacional de Cuba. |
| 9 (RLIN) | 3383 |
| 245 10 - MENCIÓN DE TÍTULO | |
| Título | Catálogo de los fondos de la Comisión militar ejecutiva y permanente de la isla de Cuba / |
| Mención de responsabilidad, etc. | prefacio de Emilio Roig de Leuchsenring. |
| 260 ## - PUBLICACIÓN, DISTRIBUCIÓN, ETC. | |
| Lugar de publicación, distribución, etc. | La Habana, |
| Fecha de publicación, distribución, etc. | 1945. |
| 300 ## - DESCRIPCIÓN FÍSICA | |
| Extensión | xiv, 147 p. ; |
| Dimensiones | 27 cm. |
| 490 1# - MENCIÓN DE SERIE | |
| Mención de serie | Publicaciones del Archivo Nacional de Cuba |
| Designación de volumen o secuencia | v. 8 |
| 651 #0 - PUNTO DE ACCESO ADICIONAL DE MATERIA--NOMBRE GEOGRÁFICO | |
| Nombre geográfico | Cuba |
| Subdivisión general | Historia Militar |
| -- | Fuentes |
| Subdivisión de forma | BIBLIOGRAFÍA |
| 9 (RLIN) | 4356 |
| 650 #0 - PUNTO DE ACCESO ADICIONAL DE MATERIA--TÉRMINO DE MATERIA | |
| Término de materia o nombre geográfico como elemento de entrada | Manuscritos |
| Subdivisión geográfica | Cuba |
| Subdivisión de forma | CATÁLOGOS |
| 9 (RLIN) | 4357 |
| 700 0# - PUNTO DE ACCESO ADICIONAL--NOMBRE DE PERSONA | |
| Nombre de persona | Leuchsenring, Emilio Roig de |
| Término indicativo de función/relación | prefacio |
| 9 (RLIN) | 4358 |
| 830 #0 - PUNTO DE ACCESO ADICIONAL DE SERIE-TÍTULO UNIFORME | |
| Título uniforme | Publicaciones del Archivo Nacional de Cuba ; |
| Designación de volumen o secuencia | v. 8 |
| 9 (RLIN) | 4359 |
| Estado de retiro | Estado de pérdida | Restricciones de uso | No para préstamo | Código de colección | Localización permanente | Ubicación/localización actual | Ubicación en estantería | Fecha de adquisición | Número de inventario | Total de préstamos | Signatura topográfica completa | Código de barras | Fecha visto por última vez | Precio válido a partir de | Tipo de ítem Koha |
|---|---|---|---|---|---|---|---|---|---|---|---|---|---|---|---|
| Préstamo interno | Monografías: Libros y Folletos | General | General | Depósito | 19.08.2009 | LF1 | 972.91 C357f | 1286-10 | 25.06.2020 | 25.06.2020 | Préstamo interno |
